000 00509nam a22002057a 4500
003 koha_MIRAKIL
005 20231213095954.0
008 231213b |||||||| |||| 00| 0 ||| d
020 _b978-9-75850941-6
040 _aTR-IsEVY
_btur
_cTR-IsEVY
082 _a823.7 SCO/I
100 _aScott, Walter.
245 0 _aIvanhoe
250 _a2. bs.
260 _bBilge Kültür Sanat Yayınevi,
_c2003
300 _a191 s.
650 _aEnglish fiction.
650 _aİngiliz romanı.
942 _2ddc
_cBK
999 _c12438
_d12438